|
|
|
|
| LEADER |
00000nam0a2200000 4500 |
| 001 |
159885 |
| 005 |
20231101222139.0 |
| 010 |
|
|
|a 9785769210167
|b (в пер.)
|b 500 экз.
|
| 021 |
|
|
|a RU
|b 09-17422
|9 09-1033
|
| 035 |
|
|
|a (RuTPU)RU\TPU\book\173401
|
| 090 |
|
|
|a 159885
|
| 100 |
|
|
|a 20090330d2008 k y0rusy5002 ca
|
| 101 |
0 |
|
|a rus
|
| 102 |
|
|
|a RU
|
| 105 |
|
|
|a a z 001zy
|
| 200 |
1 |
|
|a Композиционные твердые электролиты
|f Н. Ф. Уваров
|g Российская академия наук (РАН), Сибирское отделение (СО), Институт химии твердого тела и механохимии (ИХТТМ) ; Новосибирский государственный университет (НГУ)
|
| 210 |
|
|
|a Новосибирск
|c Изд-во СО РАН
|d 2008
|
| 215 |
|
|
|a 257 с.
|c ил.
|
| 320 |
|
|
|a Библиография в конце глав.
|
| 330 |
|
|
|a В монографии рассмотрен широкий круг проблем, связанных с синтезом и исследованием свойств композиционных ионных проводников. Проанализированы механизмы поверхностного разупорядочения ионных кристаллов и причины увеличения проводимости на контакте фаз. Предложены методы синтеза нанокомпози-тов и представлены результаты детального изучения их свойств на нескольких модельных системах. Показано, что в нанокомпозитах могут наблюдаться существенные изменения структуры и термодинамических характеристик ионных соединений. Это позволяет рассматривать гетерогенное допирование как принципиально новый подход к решению фундаментальных проблем целенаправленного регулирования свойств твердых веществ. Данный подход является общим и может быть использован при получении самых различных гетерофазных систем, имеющих практическое применение: электродных материалов, гетерогенных катализаторов, металлокерамик и т.д. Книга предназначена для специалистов в области химии твердого тела, электрохимии и материаловедения, аспирантов и студентов соответствующих специальностей.
|
| 606 |
1 |
|
|a Электролиты твердые
|2 stltpush
|3 (RuTPU)RU\TPU\subj\68106
|9 83636
|
| 610 |
1 |
|
|a композиционные электролиты
|
| 610 |
1 |
|
|a кристаллы
|
| 610 |
1 |
|
|a ионный перенос
|
| 610 |
1 |
|
|a ионные кристаллы
|
| 610 |
1 |
|
|a поверхностное разупорядочение
|
| 610 |
1 |
|
|a поликристаллы
|
| 610 |
1 |
|
|a проводимость
|
| 610 |
1 |
|
|a композиты
|
| 610 |
1 |
|
|a нанокомпозиты
|
| 610 |
1 |
|
|a физико-химические свойства
|
| 610 |
1 |
|
|a ионная проводимость
|
| 610 |
1 |
|
|a ионные соли
|
| 610 |
1 |
|
|a гетерогенные системы
|
| 610 |
1 |
|
|a размерные эффекты
|
| 610 |
1 |
|
|a химия твёрдого тела
|
| 610 |
1 |
|
|a электрохимия
|
| 610 |
1 |
|
|a материаловедение
|
| 675 |
|
|
|a 544.6.018.4
|v 3
|
| 700 |
|
1 |
|a Уваров
|b Н. Ф.
|g Николай Фавстович
|
| 712 |
0 |
2 |
|a Российская академия наук (РАН)
|b Сибирское отделение (СО)
|b Институт химии твердого тела и механохимии (ИХТТМ)
|c (Новосибирск)
|c (1997- )
|2 stltpush
|3 (RuTPU)RU\TPU\col\11303
|
| 712 |
0 |
2 |
|a Новосибирский государственный университет (НГУ)
|2 stltpush
|3 (RuTPU)RU\TPU\col\721
|
| 801 |
|
1 |
|a RU
|b 63413507
|c 20070514
|g PSBO
|
| 801 |
|
2 |
|a RU
|b 63413507
|c 20150521
|g PSBO
|
| 942 |
|
|
|c BK
|
| 959 |
|
|
|a 39/20070514
|d 1
|e 0
|f НФ:1
|